[Event "London LCC (Women) Rapid 12th"]
[Site "London"]
[Date "2021.12.04"]
[Round "4"]
[White "Kalaiyalahan, Akshaya"]
[Black "Kueh, Audrey"]
[Result "1-0"]
[WhiteElo "2150"]
[BlackElo "2099"]
[PlyCount "81"]
[EventDate "2021.12.04"]
[EventType "tourn (rapid)"]
[EventRounds "7"]
[EventCountry "ENG"]
[SourceTitle "CBM 205 Extra"]
[Source "ChessBase"]
[SourceDate "2022.01.31"]
[SourceVersion "1"]
[SourceVersionDate "2022.01.31"]
[SourceQuality "1"]

1. Nf3 d5 2. g3 Nf6 3. Bg2 Bf5 4. 0-0 Qd7 5. Ne5 Qe6 6. Nf3 Qd7 7. c4 c6 8. Ne5 Qe6 9. d4 Nbd7 10. cxd5 cxd5 11. Qa4 Qb6 12. Nc3 e6 13. a3 Bd6 14. Bg5 Bxe5 15. dxe5 Ng4 16. e4 dxe4 17. Rad1 Ngxe5 18. Nxe4 0-0 19. Rxd7 Nxd7 20. Qxd7 Qxb2 21. Be7 Rfe8 22. Nd6 Reb8 23. Nxb7 Qb6 24. Nd6 Bg6 25. Bxa8 Rxa8 26. Nc4 Qb3 27. Qc6 Rb8 28. Bd6 Rd8 29. Qc7 Re8 30. Ne5 f6 31. Nxg6 hxg6 32. Qxa7 Qd5 33. Qc5 Qf3 34. a4 g5 35. a5 Kf7 36. a6 Rh8 37. Qc7+ Kg6 38. Qb7 Qh5 39. Qg2 g4 40. a7 Qa5 41. Bb8 1-0

[Event "BCF-chT1d 1516 (4NCL) Demotion pool"]
[Site "England"]
[Date "2016.05.01"]
[Round "10.187"]
[White "Kueh, Audrey"]
[Black "Gayson, Peter"]
[Result "1-0"]
[WhiteElo "2085"]
[BlackElo "2143"]
[PlyCount "73"]
[EventDate "2015.11.14"]
[EventType "team-tourn"]
[EventRounds "4"]
[EventCountry "ENG"]
[SourceTitle "EXT 2017"]
[Source "ChessBase"]
[SourceDate "2016.10.25"]
[SourceVersion "1"]
[SourceVersionDate "2016.10.25"]
[SourceQuality "1"]
[WhiteTeam "Cambridge"]
[BlackTeam "White Rose II"]
[WhiteTeamCountry "ENG"]
[BlackTeamCountry "ENG"]

1. e4 c5 2. Nf3 e6 3. g3 d5 4. exd5 exd5 5. d4 Nf6 6. Bg2 Be7 7. 0-0 0-0 8. dxc5 Bxc5 9. Nc3 Nc6 10. Bg5 d4 11. Ne4 Be7 12. Nxf6+ Bxf6 13. Qd2 h6 14. Bxf6 Qxf6 15. Ne1 Bf5 16. Nd3 Rac8 17. Rfe1 Rc7 18. Be4 Rfc8 19. Qf4 Ne7 20. Bxf5 Qxf5 21. Qxd4 Ng6 22. Qxa7 Rxc2 23. Qe3 R8c7 24. Qe8+ Kh7 25. Rad1 Qh5 26. Nb4 Rc8 27. Qxf7 R8c7 28. Qe8 Rxf2 29. Kxf2 Qxh2+ 30. Kf3 Nh4+ 31. gxh4 Qh3+ 32. Ke4 Qxh4+ 33. Kd5 Qc4+ 34. Kd6 Qc5+ 35. Ke6 Qb6+ 36. Ke5 Qxb4 37. Kf5 1-0

[Event "BCF-chT3 1213 (4NCL)"]
[Site "England"]
[Date "2013.03.23"]
[Round "7.77"]
[White "Kueh, Audrey"]
[Black "Grant, David J"]
[Result "1/2-1/2"]
[WhiteElo "2115"]
[BlackElo "2084"]
[PlyCount "52"]
[EventDate "2012.11.03"]
[EventType "team-swiss"]
[EventRounds "11"]
[EventCountry "ENG"]
[SourceTitle "EXT 2014"]
[Source "ChessBase"]
[SourceDate "2013.11.20"]
[SourceVersion "1"]
[SourceVersionDate "2013.11.20"]
[SourceQuality "1"]
[WhiteTeam "Cambridge II"]
[BlackTeam "Sussex Smart Survivors"]
[WhiteTeamCountry "ENG"]
[BlackTeamCountry "ENG"]

1. Nf3 Nf6 2. g3 d5 3. Bg2 Nbd7 4. d4 e6 5. 0-0 c5 6. Bg5 Qb6 7. b3 cxd4 8. Nxd4 Bc5 9. c3 0-0 10. b4 Be7 11. e4 dxe4 12. Nd2 h6 13. Be3 Nd5 14. Nxe4 Nxe3 15. fxe3 f5 16. Nd2 Ne5 17. e4 Bg5 18. exf5 Be3+ 19. Kh1 Bxd4 20. cxd4 Qxd4 21. Rf4 Qd6 22. Qb3 Kh8 23. Ne4 Qd5 24. Qxd5 exd5 25. Nd6 Nd3 26. Rd4 Bxf5 1/2-1/2